Central Library OPAC University of Rajshahi

The impact of the Dead Sea scrolls / (Record no. 56960)

MARC details
000 -LEADER
fixed length control field 00700nam a2200241 a 4500
001 - CONTROL NUMBER
control field 56960
003 - CONTROL NUMBER IDENTIFIER
rucl marc code BD-RjUL
005 - DATE AND TIME OF LATEST TRANSACTION
control field 20211209080444.0
008 - FIXED-LENGTH DATA ELEMENTS--GENERAL INFORMATION
fixed length control field 161205s1962 enka 001 0 eng
035 ## - SYSTEM CONTROL NUMBER
System control number (BD-RjUL)57084
System control number (OCoLC)1373934
040 ## - CATALOGING SOURCE
Original cataloging agency DLC
Transcribing agency FM
Modifying agency OCoLC
-- BD-RjUL
Language of cataloging eng
041 ## - LANGUAGE CODE
Language code of text/sound track or separate title eng
082 ## - DEWEY DECIMAL CLASSIFICATION NUMBER
Classification number 296.155
Edition number 23
Author mark and year GII 1962
100 1# - MAIN ENTRY--PERSONAL NAME
Personal name Gilkes, A. N.
Fuller form of name (Anthony Newcombe),
Dates associated with a name 1900-
9 (RLIN) 169283
245 14 - TITLE STATEMENT
Title The impact of the Dead Sea scrolls /
Statement of responsibility, etc. A. N. Gilkes
260 ## - PUBLICATION, DISTRIBUTION, ETC. (IMPRINT)
Place of publication, distribution, etc. London,
Name of publisher, distributor, etc. Macmillan & Co Ltd.,
Date of publication, distribution, etc. 1962.
300 ## - PHYSICAL DESCRIPTION
Pagination viii, 167 p. :
Illustrations ill. ;
Size 21 cm.
500 ## - GENERAL NOTE
General note Includes index
650 ## - SUBJECT ADDED ENTRY--TOPICAL TERM
Topical term or geographic name as entry element Dead Sea scrolls.
9 (RLIN) 169284
942 ## - ADDED ENTRY ELEMENTS (KOHA)
Source of classification or shelving scheme Dewey Decimal Classification
Koha item type Books
Holdings
Lost status Source of classification or shelving scheme Damaged status Not for loan Collection code Permanent Location Current Location Shelving location Date acquired Source of acquisition Cost, normal purchase price Total Checkouts Full call number Date last seen Copy number Koha item type
  Dewey Decimal Classification   Not For Loan Non-fiction Central Library, University of Rajshahi Central Library, University of Rajshahi Reading Room 27/12/1968 Zeitlinger 18.00   296.155 GII 1962 05/12/2016 C-1 Books